00717cam a2200193 4500008004100000020001500041035001200056100003800068245009500106250001100201260007300212300002600285440003300311504003700344650002600381650002300407710004800430710004500478070910s2003 mx 000 0 spa u a9703208134 aa4645141 aGómez Robledo, Antonio, d1908-13aEl ius cogens internacional :b estudio histórico-crítico /c Antonio Gómez Robledo. a1a ed. aMéxico :b UNAM, Instituto de Investigaciones Jurídicas, cc2003 axii, 195 p. ;c22 cm. 0a Doctrina jurídica ;v 147 aIncluye bibliografias e índice 4aDerecho internacional 4aTratados xDerecho1 aUniversidad Nacional Autónoma de México2 aInstituto de investigaciones Jurídicas